000 00303nam a2200133Ia 4500
005 20260326100030.0
008 260326s9999||||xx |||||||||||||| ||und||
100 _aPastier, John
245 0 _aCesar Pelli /
_cJohn Pastier
260 _bGranada
300 _a120 p.
650 _aARQUITECTOS
942 _cBK
999 _c6579
_d6579